[Event "ESP-ch U14"]
[Site "Linares"]
[Date "2010.07.17"]
[Round "7"]
[White "Jimenez Almeida, Luis David"]
[Black "Lopez Martin, Jaime A"]
[Result "1-0"]
[WhiteElo "1936"]
[BlackElo "1757"]
[PlyCount "97"]
[EventDate "2010.07.13"]
[EventType "swiss"]
[EventRounds "9"]
[EventCountry "ESP"]
[SourceTitle "CBM 137 Extra"]
[Source "ChessBase"]
[SourceDate "2010.09.01"]
[SourceVersion "1"]
[SourceVersionDate "2010.09.01"]
[SourceQuality "1"]

1. e4 c5 2. Nc3 a6 3. d3 Nc6 4. f4 e6 5. g3 d5 6. Bg2 Nf6 7. Nf3 b5 8. Ne5 Bb7 9. Nxc6 Bxc6 10. e5 Nd7 11. Ne2 Qb6 12. d4 c4 13. 0-0 h5 14. c3 Be7 15. f5 exf5 16. Rxf5 g6 17. Rf2 Nf8 18. Bh3 Bd7 19. Bxd7+ Nxd7 20. Nf4 Qc6 21. e6 Nf6 22. exf7+ Kxf7 23. Rf1 Qd7 24. Qf3 Kg7 25. Bd2 Raf8 26. Rae1 Ne4 27. Rxe4 dxe4 28. Qxe4 Rf6 29. Re1 Bd8 30. Ne6+ Kh7 31. Nxd8 Rxd8 32. Bg5 Rdf8 33. Bxf6 Rxf6 34. Qe7+ Qxe7 35. Rxe7+ Kh6 36. Kg2 g5 37. h3 Kg6 38. Re3 Rd6 39. g4 hxg4 40. hxg4 Kf6 41. Kf3 Rd5 42. Ke4 Rd8 43. Rf3+ Kg6 44. d5 Re8+ 45. Kd4 a5 46. d6 Rd8 47. Kc5 b4 48. Kc6 b3 49. a4 1-0

[Event "Malaga-ch"]
[Site "Malaga"]
[Date "1997.??.??"]
[Round "4"]
[White "Silva Martinez, Francisco"]
[Black "Lopez Martin, Jaime A"]
[Result "1-0"]
[WhiteElo "2020"]
[BlackElo "2000"]
[PlyCount "57"]
[EventDate "1997.??.??"]
[EventType "swiss"]
[EventRounds "9"]
[EventCountry "ESP"]
[SourceTitle "EXT 2003"]
[Source "ChessBase"]
[SourceDate "2002.11.25"]
[SourceVersion "1"]
[SourceVersionDate "2002.11.25"]
[SourceQuality "1"]

1. e4 d6 2. d4 g6 3. f4 Bg7 4. Nf3 f5 5. e5 e6 6. Nc3 Nd7 7. Be3 Ne7 8. Bc4 d5 9. Be2 c6 10. h3 Qb6 11. b3 c5 12. Qd2 Qa5 13. a3 Nc6 14. dxc5 Nxc5 15. b4 Nxb4 16. Bxc5 Nxc2+ 17. Qxc2 Qxc5 18. Qa4+ Bd7 19. Qd4 Qa5 20. Qb4 Qc7 21. Nb5 Qb6 22. Rc1 Bf8 23. Nc7+ Qxc7 24. Qxf8+ Rxf8 25. Rxc7 Rc8 26. Rxb7 Rc1+ 27. Bd1 Ke7 28. Kd2 Ra1 29. Rxd7+ 1-0